000 00300nam a22001337a 4500
008 171017b xxu||||| |||| 00| 0 eng d
020 _a9780130084613
041 _aeng
080 _26 ED
_a330.101.542
100 _a50
101 _aMIK
245 _aMICROECONOMICS
_cPINDYCK.R.S
942 _2udc
_cBK
999 _c34459
_d34459